[Event "Asia-ch Blitz U20 Girls"]
[Site "Jamshedpur"]
[Date "2023.09.15"]
[Round "8"]
[White "Vakcheri, Mohitha"]
[Black "Sasvatha, A."]
[Result "0-1"]
[WhiteElo "1518"]
[BlackElo "1495"]
[PlyCount "176"]
[EventDate "2023.09.15"]
[EventType "swiss (blitz)"]
[EventRounds "9"]
[EventCountry "IND"]
[SourceTitle "EXT 2024"]
[Source "ChessBase"]
[SourceDate "2023.10.10"]
[SourceVersion "1"]
[SourceVersionDate "2023.10.10"]
[SourceQuality "1"]

1. d4 Nf6 2. Nf3 d5 3. e3 Bg4 4. h3 Bf5 5. Bd3 Bxd3 6. cxd3 c6 7. 0-0 e6 8. Nc3 Be7 9. b3 0-0 10. Bb2 a5 11. Ne5 Nbd7 12. f4 Bb4 13. a3 Bd6 14. Kh1 Qe7 15. g4 Ne8 16. Qe1 f6 17. Nxd7 Qxd7 18. e4 Bc7 19. e5 f5 20. gxf5 Rxf5 21. Ne2 Qf7 22. Qg3 Bd8 23. Rf3 g6 24. Raf1 Ng7 25. Qg4 Nh5 26. Ng3 Nxg3+ 27. Qxg3 Be7 28. R3f2 Rf8 29. Bc1 Qg7 30. Qg4 Qf7 31. Qg3 Qg7 32. Qg4 Qf7 33. Qg3 Qe8 34. Qg4 Qd8 35. Qd1 Qb6 36. Be3 Bxa3 37. Rg2 Be7 38. Rfg1 Kg7 39. Qc2 Qd8 40. Qe2 Qb6 41. Qc2 Qa6 42. Qd1 Qb5 43. Rg4 Qb4 44. h4 Qc3 45. R1g2 b5 46. Rg1 b4 47. R1g2 a4 48. bxa4 b3 49. Rg1 b2 50. Bd2 Qa3 51. Qb1 Qxa4 52. Qxb2 Qa7 53. R4g2 Bxh4 54. Rb1 Be7 55. Qb7 Qxb7 56. Rxb7 R8f7 57. Rc7 Bd8 58. Rxc6 Re7 59. Bb4 Re8 60. Rf2 Bh4 61. Rf1 Bg3 62. Rc7+ Kg8 63. Bd2 Bh4 64. Rb1 Ref8 65. Rbb7 R5f7 66. Rxf7 Rxf7 67. Rxf7 Kxf7 68. Kg2 Bd8 69. Kf3 Bb6 70. Bc3 Kg7 71. Kg4 h5+ 72. Kh3 Bd8 73. Kg3 Kh6 74. Bb4 g5 75. fxg5+ Kxg5 76. Bc5 Kf5 77. Bb4 h4+ 78. Kh3 Kf4 79. Bd2+ Kf3 80. Be1 Ke3 81. Bc3 Kxd3 82. Bb2 Bb6 83. Kxh4 Bxd4 84. Bc1 Bxe5 85. Kg5 Bc3 86. Kg6 e5 87. Kf5 e4 88. Kf4 Bd2+ 0-1

[Event "Asia-ch Rapid U20 Girls"]
[Site "Jamshedpur"]
[Date "2023.09.08"]
[Round "7"]
[White "Vakcheri, Mohitha"]
[Black "Sanudula, KM Dahamdi"]
[Result "1-0"]
[WhiteElo "1537"]
[BlackElo "1474"]
[PlyCount "71"]
[EventDate "2023.09.08"]
[EventType "swiss (rapid)"]
[EventRounds "9"]
[EventCountry "IND"]
[SourceTitle "EXT 2024"]
[Source "ChessBase"]
[SourceDate "2023.10.10"]
[SourceVersion "1"]
[SourceVersionDate "2023.10.10"]
[SourceQuality "1"]

1. d4 Nf6 2. Nf3 d5 3. e3 e6 4. Bd3 b6 5. 0-0 Bb7 6. b3 Be7 7. Bb2 0-0 8. Nbd2 Nbd7 9. Ne5 Ne4 10. f3 Nxd2 11. Qxd2 f6 12. Nxd7 Qxd7 13. e4 dxe4 14. fxe4 Rad8 15. Qe2 c5 16. d5 exd5 17. exd5 Bxd5 18. Qh5 g6 19. Bxg6 Rf7 20. Bxf7+ Bxf7 21. Qh6 Bg6 22. Rad1 Qxd1 23. Rxd1 Rxd1+ 24. Kf2 Bxc2 25. Bxf6 Bf8 26. Qg5+ Bg6 27. h4 Kf7 28. h5 Bd3 29. Bc3 Rf1+ 30. Ke3 Ba6 31. Qd5+ Ke7 32. Qe5+ Kd7 33. Qb8 Bh6+ 34. Ke4 Ke6 35. Qe8+ Kd6 36. Be5# 1-0

[Event "IND-ch U15 Girls 38th"]
[Site "New Delhi"]
[Date "2022.12.03"]
[Round "8"]
[White "Sachi, Jain"]
[Black "Vakcheri, Mohitha"]
[Result "1-0"]
[WhiteElo "1581"]
[BlackElo "1535"]
[PlyCount "93"]
[EventDate "2022.11.28"]
[EventType "swiss"]
[EventRounds "11"]
[EventCountry "IND"]
[SourceTitle "CBM 211 Extra"]
[Source "ChessBase"]
[SourceDate "2023.01.31"]
[SourceVersion "1"]
[SourceVersionDate "2023.01.31"]
[SourceQuality "1"]

1. e4 Nc6 2. d4 d5 3. e5 Bf5 4. c3 e6 5. Bd3 Bxd3 6. Qxd3 Qd7 7. Be3 0-0-0 8. Nd2 Nge7 9. f4 Nf5 10. Bf2 h5 11. b4 Be7 12. Ngf3 Rdg8 13. Nb3 b6 14. a4 g5 15. fxg5 Bxg5 16. a5 Be7 17. Rg1 Rg4 18. Ke2 Re4+ 19. Kd1 Rg8 20. h3 Nh4 21. g3 Nxf3 22. Qxf3 Bg5 23. Qxh5 f6 24. exf6 Bxf6 25. Qf3 Bg5 26. h4 Bh6 27. g4 Rf4 28. Qe2 Rgf8 29. Be3 Re4 30. Qa6+ Kb8 31. Bxh6 Rf3 32. Nd2 Rxc3 33. axb6 cxb6 34. Rf1 e5 35. Rf8+ Kc7 36. Qxa7+ Nxa7 37. Rxa7+ Kc6 38. Rxd7 Kxd7 39. Nxe4 dxe4 40. dxe5 Rg3 41. Rf4 e3 42. Re4 Ke6 43. Ke2 Kd5 44. Rxe3 Rxg4 45. e6 Rg8 46. e7 Re8 47. Bf8 1-0

[Event "IND-ch U19 Girls"]
[Site "Pune"]
[Date "2022.07.15"]
[Round "5"]
[White "Vakcheri, Mohitha"]
[Black "Bristy, Mukherjee"]
[Result "1/2-1/2"]
[WhiteElo "1576"]
[BlackElo "1871"]
[PlyCount "115"]
[EventDate "2022.07.12"]
[EventType "swiss"]
[EventRounds "11"]
[EventCountry "IND"]
[SourceTitle "EXT 2023"]
[Source "ChessBase"]
[SourceDate "2022.10.05"]
[SourceVersion "1"]
[SourceVersionDate "2022.10.05"]
[SourceQuality "1"]

1. d4 f5 2. c4 e6 3. Nc3 Nf6 4. Nf3 Bb4 5. Bd2 0-0 6. e3 b6 7. Bd3 Bb7 8. 0-0 Bxc3 9. Bxc3 Ne4 10. Rc1 d6 11. Qe2 Nd7 12. Nd2 Nxc3 13. Rxc3 e5 14. d5 a5 15. Qh5 Qf6 16. e4 f4 17. Be2 g6 18. Qh3 Nc5 19. Kh1 Qg5 20. Nf3 Qe7 21. Nd2 Rf7 22. b3 Raf8 23. a3 h5 24. g4 Bc8 25. Bf3 Qg5 26. Rg1 Rh7 27. Qg2 hxg4 28. Bxg4 Qxg4 29. Qxg4 Bxg4 30. Rxg4 Kf7 31. b4 axb4 32. axb4 Na6 33. Nf3 Rh6 34. Rb3 Kf6 35. Ng5 Rfh8 36. Rg2 Rb8 37. Ne6 Rbh8 38. f3 Ke7 39. Ra2 c5 40. bxc5 bxc5 41. Rb7+ Kf6 42. Kg1 Rb8 43. Rxb8 Nxb8 44. Ra7 Rh8 45. Ra8 Re8 46. Nc7 Rf8 47. Nb5 Ke7 48. Ra7+ Nd7 49. Ra6 Rf6 50. Ra7 Rf8 51. Ra6 Rf6 52. Na7 Rf8 53. Nc6+ Kf6 54. Ra7 Nb6 55. Na5 Ra8 56. Rxa8 Nxa8 57. h4 Nb6 58. Kg2 1/2-1/2

[Event "IND-ch U17 Girls"]
[Site "Bhubaneswar"]
[Date "2022.07.02"]
[Round "3"]
[White "Bhagyashree, Patil"]
[Black "Vakcheri, Mohitha"]
[Result "1-0"]
[WhiteElo "1908"]
[BlackElo "1576"]
[PlyCount "81"]
[EventDate "2022.07.01"]
[EventType "swiss"]
[EventRounds "11"]
[EventCountry "IND"]
[SourceTitle "EXT 2023"]
[Source "ChessBase"]
[SourceDate "2022.10.05"]
[SourceVersion "1"]
[SourceVersionDate "2022.10.05"]
[SourceQuality "1"]

1. e4 e6 2. d4 d5 3. exd5 exd5 4. Bd3 Bd6 5. Nf3 Nf6 6. 0-0 0-0 7. Bg5 h6 8. Bh4 Bg4 9. Nbd2 Nbd7 10. c3 c6 11. Qc2 Qc7 12. Bg3 Nh5 13. Bf5 Bxf5 14. Qxf5 g6 15. Bxd6 Qxd6 16. Qc2 Rfe8 17. Rfe1 Ng7 18. Nf1 Nf5 19. Ng3 Nxg3 20. hxg3 Nf6 21. Ne5 Ne4 22. Re3 Re7 23. Rae1 Rae8 24. Qd1 Kg7 25. Qg4 c5 26. Nf3 Nf6 27. Rxe7 Rxe7 28. dxc5 Qxc5 29. Qf4 Rxe1+ 30. Nxe1 Qb5 31. Qd2 Ne4 32. Qd4+ Kh7 33. Nd3 Nd6 34. Nb4 a5 35. Nxd5 Nf5 36. Qd2 Qc5 37. g4 Nd6 38. Nf6+ Kg7 39. Qxd6 Qxd6 40. Ne8+ Kf8 41. Nxd6 1-0

[Event "IND-ch U18 Girls"]
[Site "Pollachi"]
[Date "2022.04.19"]
[Round "3"]
[White "Vakcheri, Mohitha"]
[Black "Bhagyashree, Patil"]
[Result "0-1"]
[WhiteElo "1479"]
[BlackElo "1931"]
[PlyCount "102"]
[EventDate "2022.04.18"]
[EventType "swiss"]
[EventRounds "11"]
[EventCountry "IND"]
[SourceTitle "CBM 208 Extra"]
[Source "ChessBase"]
[SourceDate "2022.07.31"]
[SourceVersion "1"]
[SourceVersionDate "2022.07.31"]
[SourceQuality "1"]

1. d4 d5 2. c4 e6 3. Nc3 Nf6 4. Bg5 Be7 5. e3 b6 6. Nf3 Bb7 7. Bd3 Nbd7 8. cxd5 Nxd5 9. Bxe7 Qxe7 10. 0-0 0-0 11. Qe2 c5 12. Ba6 Bxa6 13. Qxa6 N7f6 14. Nxd5 Nxd5 15. Rac1 Rfc8 16. a3 Rc7 17. dxc5 Rxc5 18. b4 Rc7 19. Nd4 Nc3 20. Rc2 e5 21. Nf5 Qd7 22. Rfc1 b5 23. Qd6 Ne2+ 24. Kf1 Rxc2 25. Qxd7 Nxc1 26. g3 a6 27. Qb7 Rf8 28. Qe4 Rd2 29. Qxe5 Rxf2+ 30. Kg1 Rxf5 31. Qxf5 Ne2+ 32. Kf2 Nc3 33. Qd7 Ne4+ 34. Kg2 h6 35. Qc6 Ng5 36. h4 Ne6 37. Qxa6 Rb8 38. a4 bxa4 39. Qxa4 Kh7 40. b5 g6 41. Qc4 Rb6 42. Qd5 h5 43. Kf3 Kg8 44. Qa8+ Kg7 45. Qa5 Rb7 46. Qa6 Re7 47. Qc8 Rc7 48. Qxc7 Nxc7 49. b6 Na6 50. Kf4 Nc5 51. Ke5 Nd7+ 0-1